| 000 | 00372nam a2200145Ia 4500 | ||
|---|---|---|---|
| 008 | 210210b1969 xxu||||| |||| 00| 0 eng d | ||
| 082 | _a574.87 DUPC | ||
| 100 | _aDUPRAW (Ernest J). | ||
| 245 | _aCell and molecular biology. | ||
| 260 |
_aNY _bAcademic Press _c1969 |
||
| 300 | _axi,739 | ||
| 650 | _aCell molecular biology | ||
| 690 | _aCell Biology | ||
| 906 | _aSG00656 | ||
| 999 |
_c111953 _d111953 |
||